| 000 | 00440nam a2200169Ia 4500 | ||
|---|---|---|---|
| 008 | 241115s9999 xx 000 0 und d | ||
| 020 | _a0-13-580606-2 | ||
| 082 | _a004.165 SHO | ||
| 100 | _aShort, Kenneth L. | ||
| 245 | 0 | _aMicroprocessors and Programmed Logic | |
| 250 | _a2nd ed. | ||
| 260 |
_aNew Jersey: _bPrintice Hall, _c1987 |
||
| 300 | _axvii,619p. | ||
| 600 | _aComputer Science | ||
| 650 | _aComputer Science | ||
| 942 | _cBBD | ||
| 999 |
_c26417 _d26417 |
||